Grammatical gender of french words - Statistics

General Stats
  • This quiz has been taken 173 times
  • The average score is 36 of 50
Answer Stats
Hint Extra Hint Answer % Correct
Robot Masculine
92%
Ami Friend Masculine
90%
Avion Plane Masculine
89%
Éléphant Masculine
89%
Nez Nose Masculine
89%
Jardin Garden/Yard Masculine
88%
Doigt Finger Masculine
87%
Cheval Horse Masculine
87%
Table Feminine
86%
Rose Flower, not color Feminine
85%
Piano Masculine
85%
Chat Cat Masculine
85%
Vitrine Shop Window Feminine
84%
Buisson Bush Masculine
84%
Cigarette Feminine
83%
Yeux Eyes Masculine
83%
Vache Cow Feminine
82%
Trou Hole Masculine
82%
Branche Feminine
81%
Bonbon Candy Masculine
81%
Genou Knee Masculine
80%
Feuille Leaf Feminine
79%
Voisin Neighbor Masculine
79%
Capsule Feminine
78%
Affiche Poster Feminine
78%
Gâteau Cake Masculine
78%
Canne Cane Feminine
77%
Cheville Ankle Feminine
75%
Violence Feminine
75%
Guitare Feminine
72%
Coquelicot Poppy Masculine
72%
Manche Sleave Feminine
71%
Banlieue Suburb Feminine
71%
Tortue Turtle Feminine
71%
Écorce Tree bark Feminine
68%
Oreille Ear Feminine
68%
Progéniture Offspring Feminine
67%
Moule Mussel Feminine
64%
Girafe Feminine
63%
Clé Key Feminine
62%
Jumelles Binoculars Feminine
62%
Arbre Tree Masculine
62%
Forêt Forest Feminine
54%
Sondage Survey Masculine
53%
Anniversaire Birthday Masculine
46%
Squelette Skeleton Masculine
40%
Masque Mask Masculine
39%
Moule Mold Masculine
35%
Dent Tooth Feminine
31%
Manche Handle Masculine
21%
No matching quizzes found
Score Distribution
Percent of People with Each Score
Percentile by Number Answered
Your Score History
You have not taken this quiz